000 00418nam a2200169 i 4500
001 bg
100 1 _aBLINOWSKI, Jan
245 0 _aFizyka dla kandydatów na wyższe uczelnie /
_cJ. Blinowski, J. Trylski.
250 _aWyd.6.
260 _aWarszawa,
_c1980.
700 1 _aTRYLSKI, Jarosław
040 _cBPK
041 _apol
080 _a53(075.8)
942 _cKS
008 s pl f |000 0 pol
999 _c10183
_d10183
856 _uhttp://koha.tu.koszalin.pl/cgi-bin/koha/opac-detail.pl?biblionumber=10183
_yKatalog online BPK